Statistics for Speed Type 10 Colours in 15 Seconds

Click here to take the quiz!

General Stats

  • This quiz has been taken 98 times
  • The average score is 8 of 10

Answer Stats

ColourColour% Correct
RedRed
100%
BlueBlue
95%
GreenGreen
95%
PurplePurple
95%
OrangeOrange
92%
YellowYellow
92%
IndigoIndigo
88%
PinkPink
80%
VioletViolet
58%
GreyGrey
48%

Score Distribution

Percentile by Number Answered

Percent of People with Each Score

Your Score History

You have not taken this quiz